000 00956cam a22002653a 4500
001 33137
003 PGUSA
005 20140828083721.0
008 100711s2010||||xxu|||||s|||||000 | eng d
040 _aPGUSA
_beng
042 _adc
050 4 _aQH
100 1 _aChapin, James Paul,
_d1889-1964
245 1 0 _aDescriptions of Three New Birds from the Belgian Congo :
_bBulletin of the AMNH , Vol. XXXIV, Art. XVI, pp. 509-513, Oct. 20th, 1915
_h[electronic resource] /
_cJames Paul Chapin
260 _bProject Gutenberg,
_c2010
506 _aPublic domain in the USA.
516 _aElectronic text
653 _aCeriocleptes xenurus -- Classification
653 _aApaloderma minus -- Classification
653 _aBirds -- Congo (Democratic Republic) -- Ituri Forest -- Classification
653 _aChaetura melanopygia -- Classification
830 0 _aProject Gutenberg
_v33137
856 4 0 _uhttp://www.gutenberg.org/ebooks/33137
942 _cEB
999 _c262392
_d262392